Southville International School and Colleges
Your cart is empty.
  • Cart
  • Lists
    Public lists Eva Luna New books Lux_list list_1
    Your lists Log in to create your own lists
  • Log in to your account
  • Your cookies
  • Search history
Southville International School and Colleges
  • Advanced search
  • Recent comments
  • Most popular
  • Libraries

Log in to your account

Log in with GOOGLE


If you do not have an external account, but do have a local account, you can still log in:

  1. Home
  2. MARC view: Mystery cats :
Normal view MARC view ISBD view

Mystery cats : (Record no. 11896)

[ view plain ]
MARC details
000 -LEADER
fixed length control field 00847cam a22002653a 4500
001 - CONTROL NUMBER
control field 16393268
003 - CONTROL NUMBER IDENTIFIER
control field OSt
005 - DATE AND TIME OF LATEST TRANSACTION
control field 20140310182326.0
008 - FIXED-LENGTH DATA ELEMENTS--GENERAL INFORMATION
fixed length control field 980518s1991 xxu 000 1 eng
010 ## - LIBRARY OF CONGRESS CONTROL NUMBER
LC control number 98816152
020 ## - INTERNATIONAL STANDARD BOOK NUMBER
International Standard Book Number 0451171012
035 ## - SYSTEM CONTROL NUMBER
System control number (DLC) 98816152
040 ## - CATALOGING SOURCE
Original cataloging agency DLC
Transcribing agency DLC
Modifying agency DLC
050 00 - LIBRARY OF CONGRESS CALL NUMBER
Classification number PZ 7
Item number .R397 1991
082 ## - DEWEY DECIMAL CLASSIFICATION NUMBER
Classification number FIC
Item number R29mc 1991
100 ## - MAIN ENTRY--PERSONAL NAME
Personal name Rendell, Ruth
9 (RLIN) 21278
245 10 - TITLE STATEMENT
Title Mystery cats :
Remainder of title felonious felines from Ellery Queen's mystery magazine and Alfred Hitchock's mystery magazine /
Statement of responsibility, etc Ruth Rendell.
260 ## - PUBLICATION, DISTRIBUTION, ETC. (IMPRINT)
Place of publication, distribution, etc New York :
Name of publisher, distributor, etc Signet,
Date of publication, distribution, etc 1991.
300 ## - PHYSICAL DESCRIPTION
Extent 256 p. :
Dimensions 18 cm.
655 #7 - INDEX TERM--GENRE/FORM
Genre/form data or focus term Mystery fiction.
Source of term gsafd
9 (RLIN) 4089
710 2# - ADDED ENTRY--CORPORATE NAME
Corporate name or jurisdiction name as entry element Copyright Paperback Collection (Library of Congress)
Institution to which field applies DLC
9 (RLIN) 705
906 ## - LOCAL DATA ELEMENT F, LDF (RLIN)
a 7
b cbc
c orignew
d 2
e ncip
f 19
g y-genrareb
942 ## - ADDED ENTRY ELEMENTS (KOHA)
Source of classification or shelving scheme Library of Congress Classification
Koha item type
Holdings
Withdrawn status Lost status Source of classification or shelving scheme Damaged status Home library Current library Shelving location Date acquired Total Checkouts Full call number Barcode Date last seen Copy number Price effective from Koha item type
    Library of Congress Classification   Luxembourg Library Luxembourg Library Fiction Section 09/21/2013   PZ 7 .R397 1991 5589 08/06/2015 1 09/21/2013 Books

Mystery cats :

APA

Rendell R., Copyright Paperback Collection (Library of Congress), . (1991). Mystery cats. New York: Signet.

Chicago

Rendell Ruth, Copyright Paperback Collection (Library of Congress), . 1991. Mystery cats. New York: Signet.

Harvard

Rendell R., Copyright Paperback Collection (Library of Congress), . (1991). Mystery cats. New York: Signet.

MLA

Rendell Ruth, Copyright Paperback Collection (Library of Congress), . Mystery cats. New York: Signet. 1991.

  • Place hold
  • Print
  • Cite
  • Add to your cart (remove)
  • Save record
    BIBTEX Dublin Core MARCXML MARC (non-Unicode/MARC-8) MARC (Unicode/UTF-8) MARC (Unicode/UTF-8, Standard) MODS (XML) RIS
  • More searches
    Search for this title in:
    Other Libraries (WorldCat) Other Databases (Google Scholar) Online Stores (Bookfinder.com) Open Library (openlibrary.org)

Exporting to Dublin Core...

SOUTHVILLE LIBRARY

Southville International School and Colleges Library

1281 Tropical Ave. Cor. Luxembourg St., BF Homes International, Las Pinas City

Tel. No. 8256374 / 252358 Loc. 117/146

Powered by Koha